| 000 | 01085cab a22002295a 4500 | ||
|---|---|---|---|
| 001 | L160143 | ||
| 008 | 180808e2018 xxk 000 0 eng d | ||
| 035 | _a(Sirsi) u160143 | ||
| 041 | 0 | _aeng | |
| 100 | 1 | _aStonehouse, Jane | |
| 245 | 0 | 4 |
_aThe workplace classroom _h[electronic resource] |
| 260 | _c2018 | ||
| 490 |
_aRICS Property Journal _vJuly-August 2018, 10-11(2) |
||
| 520 | _aLooks at degree apprenticeships offered by Northumbria University, one of the first to offer government-supported degree apprenticeships. Its chartered surveyor degree apprenticeship open programme is one of the largest of its kind in the UK. Flexible learning programmes designed to fit around students full-time work commitments include day release, block release, distance or blended learning. | ||
| 650 | 2 | 4 | _aAPPRENTICESHIPS |
| 650 | 2 | 4 | _aFLEXIBLE LEARNING |
| 650 | 2 | 4 | _aFUTURE TALENT |
| 651 | 4 |
_aUnited Kingdom _y |
|
| 690 |
_aConstruction management _96230 |
||
| 856 | 4 | 0 |
_uhttps://issuu.com/ricsmodus/docs/property_journal_july-august_2018 _yAvailable free online via Issuu |
| 942 | _n0 | ||
| 999 |
_c85173 _d85173 |
||